[Event "Reykjavik Open 2015"]
[Site "Reykjavik ISL"]
[Date "2015.03.18"]
[Round "10.74"]
[White "Fivelstad, Jon Olav"]
[Black "Bergsson, Stefan"]
[Result "1-0"]
[WhiteElo "1929"]
[BlackElo "2063"]
[WhiteFideId "1510339"]
[BlackFideId "2301393"]
[EventDate "2015.03.10"]

1. c4 c6 2. e4 d5 3. exd5 cxd5 4. d4 Nf6 5. Nc3 Nc6 6. Nf3 e6 7. Bd3 dxc4 8.
Bxc4 Bb4 9. O-O O-O 10. a3 Bxc3 11. bxc3 Qa5 12. Qb3 e5 13. d5 Ne7 14. d6 Nf5
15. Rd1 Bd7 16. Qb4 Qxb4 17. axb4 Rfe8 18. Ng5 Rf8 19. Ra5 Rac8 20. Bf1 a6 21.
c4 Rfe8 22. Nf3 b5 23. c5 Rc6 24. Bb2 e4 25. Ne5 Rcc8 26. Nxd7 Nxd7 27. Rxa6 e3
28. Bxb5 exf2+ 29. Kxf2 Ne3 30. Rc1 Rcd8 31. Ra7 Ng4+ 32. Kg1 Nde5 33. Re7 1-0

[Event "Reykjavik Open 2015"]
[Site "Reykjavik ISL"]
[Date "2015.03.18"]
[Round "10.75"]
[White "Eijk, Yuri"]
[Black "Miszkielo, Bartosz"]
[Result "1/2-1/2"]
[WhiteElo "2062"]
[BlackElo "1694"]
[WhiteFideId "1017810"]
[BlackFideId "1185160"]
[EventDate "2015.03.10"]

1. d4 Nf6 2. c4 c5 3. d5 e6 4. Nc3 exd5 5. cxd5 d6 6. Nf3 g6 7. Bf4 Bg7 8. Qa4+
Bd7 9. Qb3 Qc7 10. e4 O-O 11. Nd2 Re8 12. Be2 Rf8 13. O-O Ne8 14. Nc4 Kh8 15.
Rfd1 f5 16. e5 dxe5 17. d6 Qc8 18. Nxe5 Nc6 19. Nf7+ Rxf7 20. Qxf7 Be6 21. d7
Bxf7 22. dxc8=Q Rxc8 23. Rd7 Be6 24. Rxb7 g5 25. Bxg5 Nd6 26. Rxg7 Kxg7 27. Rd1
Nd4 28. Bf4 Nf7 29. Bh5 Rd8 30. Bxf7 1/2-1/2

[Event "Reykjavik Open 2015"]
[Site "Reykjavik ISL"]
[Date "2015.03.18"]
[Round "10.76"]
[White "Andersen, Niels Erik"]
[Black "Rueger, Erhard"]
[Result "1/2-1/2"]
[WhiteElo "1900"]
[BlackElo "2133"]
[WhiteFideId "1406507"]
[BlackFideId "4609611"]
[EventDate "2015.03.10"]

1. d4 Nf6 2. c4 e6 3. Nc3 c5 4. d5 exd5 5. cxd5 d6 6. e4 g6 7. f4 Bg7 8. Bb5+
Nfd7 9. a4 Qh4+ 10. g3 Qe7 11. Nf3 O-O 12. O-O Na6 13. Re1 Nb4 14. Be3 a6 15.
Bf1 Nf6 16. Bg2 Ng4 17. Bc1 Bd7 18. h3 Nf6 19. Kh2 h5 20. e5 Ne8 21. Nh4 c4 22.
Bf1 Rc8 23. e6 fxe6 24. Nxg6 Qf7 25. Nxf8 Kxf8 26. dxe6 Bxe6 27. Ne4 Bd5 28. Ng5
Qg6 29. Ra3 Nc7 30. Rae3 Nc2 31. Re6 Nxe6 32. Qxd5 Nxe1 33. f5 Nc7 34. Qe4 Qe8
35. Qxc4 d5 36. Qb4+ Kg8 37. Qf4 Be5 38. Qf2 h4 39. Bf4 hxg3+ 40. Qxg3 Bxf4 41.
Qxf4 Qh5 42. Qg3 Kf8 43. Qd6+ Kg8 44. Qg3 Kh8 45. Qe5+ Kg8 46. Qg3 1/2-1/2

[Event "Reykjavik Open 2015"]
[Site "Reykjavik ISL"]
[Date "2015.03.18"]
[Round "10.77"]
[White "Halldorsson, Bragi"]
[Black "Bjarnason, Vignir"]
[Result "1-0"]
[WhiteElo "2140"]
[BlackElo "1895"]
[WhiteFideId "2300907"]
[BlackFideId "2301504"]
[EventDate "2015.03.10"]

1. d4 e6 2. c4 f5 3. g3 Nf6 4. Bg2 Be7 5. Nf3 O-O 6. O-O d6 7. b3 Qe8 8. Nc3 a5
9. Re1 Ne4 10. Nb5 Na6 11. Nd2 c6 12. Nxe4 fxe4 13. Nc3 d5 14. f3 e5 15. cxd5
exd4 16. Na4 e3 17. dxc6 Qxc6 18. f4 Qb5 19. Qxd4 Bf6 20. Qd5+ Qxd5 21. Bxd5+
Kh8 22. Bb2 Rb8 23. Bxf6 Rxf6 24. Rad1 Bf5 25. Bxb7 Nb4 26. Nc3 a4 27. Nxa4 Nxa2
28. Rd4 g6 29. Be4 Rxb3 30. Bxf5 Rxf5 31. Kg2 Kg7 32. Ra1 Nb4 33. Rc1 Rd5 34.
Rc7+ Kh6 35. Re4 Rd8 36. Rb7 Rd2 37. Ree7 Kh5 38. Kh3 g5 39. g4+ Kh6 40. Re6# 1-0

[Event "Reykjavik Open 2015"]
[Site "Reykjavik ISL"]
[Date "2015.03.18"]
[Round "10.78"]
[White "Weichelt, Jens"]
[Black "Milvang, Otto"]
[Result "1-0"]
[WhiteElo "2132"]
[BlackElo "1872"]
[WhiteFideId "4637771"]
[BlackFideId "1511360"]
[EventDate "2015.03.10"]

1. d4 Nf6 2. c4 e6 3. Nf3 d5 4. g3 c6 5. Bg2 Bd6 6. O-O O-O 7. b3 Qe7 8. Bb2 Ne4
9. Nbd2 f5 10. Ne5 Bd7 11. Rc1 Be8 12. f3 Nxd2 13. Qxd2 Nd7 14. Nxd7 Bxd7 15. e4
f4 16. e5 Bb4 17. Bc3 Bxc3 18. Rxc3 fxg3 19. hxg3 Rac8 20. cxd5 cxd5 21. Rfc1
Qb4 22. Qe3 b6 23. Kh2 Qe7 24. Rc7 Qd8 25. Rxa7 Bb5 26. Qd2 h5 27. Rxc8 Qxc8 28.
Qb4 Be8 29. Qxb6 Kh8 30. Qb7 1-0

[Event "Reykjavik Open 2015"]
[Site "Reykjavik ISL"]
[Date "2015.03.18"]
[Round "10.80"]
[White "Meier, Gerd"]
[Black "Gulbrandsen, Tor"]
[Result "0-1"]
[WhiteElo "1868"]
[BlackElo "2095"]
[WhiteFideId "4682971"]
[BlackFideId "1504142"]
[EventDate "2015.03.10"]

1. e4 e6 2. d4 d5 3. exd5 exd5 4. c3 Nf6 5. Bd3 Bd6 6. Nf3 O-O 7. O-O Bg4 8. Bg5
Nbd7 9. Nbd2 c6 10. Qc2 Qc7 11. Bxf6 Nxf6 12. h3 Bh5 13. Rfe1 Rfe8 14. Rxe8+
Rxe8 15. Re1 Rxe1+ 16. Nxe1 Qe7 17. Nef3 Bf4 18. Kf1 b6 19. Qb1 c5 20. Qe1 Kf8
21. Qxe7+ Kxe7 22. dxc5 bxc5 23. g4 Bg6 24. Bxg6 hxg6 25. Ke2 Kd6 26. Kd3 Nd7
27. b3 g5 28. c4 Bxd2 29. Kxd2 f6 30. h4 dxc4 31. bxc4 gxh4 32. Nxh4 Ke5 33. Ke3
Nb6 34. f4+ Ke6 35. Kd3 a5 36. f5+ Kd6 37. Ng6 Nd7 38. Ke4 Nb8 39. Kd3 Nc6 40.
Ke4 a4 41. a3 Nd4 42. Nf4 Nc2 43. Nd3 Nxa3 44. Nb2 Nb1 45. Nxa4 Nd2+ 46. Kd3 Nf3
47. Nb2 Ne5+ 48. Ke4 Nxg4 49. Nd1 Kc6 50. Kf4 Ne5 51. Ne3 Nf7 52. Ke4 Nd6+ 53.
Kf4 Kb6 54. Kf3 Ka5 55. Ke2 Kb4 56. Kd3 Kb3 0-1

[Event "Reykjavik Open 2015"]
[Site "Reykjavik ISL"]
[Date "2015.03.18"]
[Round "10.81"]
[White "Hald, Jens Erik Kofoed"]
[Black "Heimisson, Hilmir Freyr"]
[Result "0-1"]
[WhiteElo "2069"]
[BlackElo "1861"]
[WhiteFideId "1401840"]
[BlackFideId "2309998"]
[EventDate "2015.03.10"]

1. e4 e6 2. d4 d5 3. e5 c5 4. c3 Nc6 5. Nf3 Nge7 6. a3 Bd7 7. b4 cxd4 8. cxd4
Nf5 9. g3 Qb6 10. Bb2 Rc8 11. Bh3 Nxb4 12. axb4 Qxb4+ 13. Qd2 Rc2 14. Ba3 Qb3
15. Qd1 Ne3 16. Nfd2 Nxd1 17. Nxb3 Nxf2 18. Bxf8 Rxf8 19. Bg2 Nxh1 20. Bxh1 Rxh2
21. Bf3 a6 22. N1d2 Ke7 23. Nc5 Bc6 24. Rb1 Rb8 25. Nxa6 Ra8 26. Nb4 Kd7 27. Nf1
Rh6 28. Ke2 f6 29. Nd3 f5 30. Ne3 g5 31. Nc2 Ra5 32. Nc5+ Kc7 33. Nb4 f4 34.
gxf4 gxf4 35. Kf2 Ra3 36. Rg1 Rh2+ 37. Rg2 Rxg2+ 38. Kxg2 Bd7 39. Bg4 Rg3+ 0-1

[Event "Reykjavik Open 2015"]
[Site "Reykjavik ISL"]
[Date "2015.03.18"]
[Round "10.82"]
[White "Cabello Aguilar, Enrique"]
[Black "Johansen, Arnt-Ole"]
[Result "1/2-1/2"]
[WhiteElo "2015"]
[BlackElo "1819"]
[WhiteFideId "2231115"]
[BlackFideId "1516728"]
[EventDate "2015.03.10"]

1. d4 d5 2. c4 c6 3. Nf3 Nf6 4. e3 Bf5 5. Nc3 e6 6. Qb3 Qb6 7. Nh4 Qxb3 8. axb3
Bc2 9. c5 Bxb3 10. Bd3 Be7 11. Nf3 Nbd7 12. Nd2 Bc4 13. Nxc4 dxc4 14. Bxc4 O-O
15. O-O b6 16. cxb6 axb6 17. Bd2 b5 18. Bd3 e5 19. Ne4 Nd5 20. Rfc1 exd4 21.
exd4 Rxa1 22. Rxa1 Bb4 23. Bxb4 Nxb4 24. Be2 Nb6 25. Nc3 Rd8 26. Rd1 Kf8 27. Bf3
Nc4 28. d5 Nxd5 29. Bxd5 cxd5 30. b3 b4 1/2-1/2

[Event "Reykjavik Open 2015"]
[Site "Reykjavik ISL"]
[Date "2015.03.18"]
[Round "10.83"]
[White "Borg, Flemming"]
[Black "Thorhallsson, Simon"]
[Result "0-1"]
[WhiteElo "1828"]
[BlackElo "2009"]
[WhiteFideId "1505823"]
[BlackFideId "2310090"]
[EventDate "2015.03.10"]

1. e4 c5 2. d3 Nc6 3. g3 g6 4. Bg2 Bg7 5. f4 d6 6. Nf3 e6 7. c3 Nge7 8. O-O O-O
9. Be3 Bd7 10. a4 Rc8 11. Bf2 e5 12. fxe5 Nxe5 13. Na3 Ng4 14. h3 Nxf2 15. Rxf2
Nc6 16. Qd2 Na5 17. Qc2 Be6 18. c4 Nc6 19. Nb5 a6 20. Nc3 h5 21. Nd5 Nd4 22. Qd1
Nxf3+ 23. Rxf3 Bxb2 24. Rb1 Bd4+ 25. Ne3 Bg4 26. hxg4 hxg4 27. Rxb7 gxf3 28.
Qxf3 Qg5 29. Kf2 Rb8 30. Rxb8 Rxb8 31. Qf4 Rb2+ 0-1

[Event "Reykjavik Open 2015"]
[Site "Reykjavik ISL"]
[Date "2015.03.18"]
[Round "10.84"]
[White "Hojgaard, Brandur"]
[Black "Edvardsen, Ragnar"]
[Result "0-1"]
[WhiteElo "1787"]
[BlackElo "2001"]
[WhiteFideId "7201478"]
[BlackFideId "1502719"]
[EventDate "2015.03.10"]

1. d4 Nf6 2. Nf3 g6 3. Bf4 Bg7 4. e3 d5 5. c3 O-O 6. Bd3 b6 7. Nbd2 Bb7 8. h3
Nbd7 9. Ne5 Nxe5 10. Bxe5 Nd7 11. Bxg7 Kxg7 12. f4 e6 13. Nf3 c5 14. Qe2 Qc7 15.
g3 c4 16. Bc2 b5 17. h4 a5 18. h5 b4 19. hxg6 hxg6 20. Ng5 Rh8 21. Kd2 Nf6 22.
g4 Rag8 23. Qg2 Kf8 24. Rxh8 Rxh8 25. Bxg6 Qb6 26. Bc2 Rh4 27. Rh1 Rxg4 28. Qf3
Ke7 29. Qh3 Bc6 30. Rb1 Qb8 31. a3 Bd7 32. axb4 axb4 33. Qh2 Rxg5 0-1

[Event "Reykjavik Open 2015"]
[Site "Reykjavik ISL"]
[Date "2015.03.18"]
[Round "10.85"]
[White "Opasiak, Dustin Tennessee"]
[Black "Carlsen, Henrik"]
[Result "0-1"]
[WhiteElo "1781"]
[BlackElo "1986"]
[WhiteFideId "24630217"]
[BlackFideId "1502832"]
[EventDate "2015.03.10"]

1. e4 e6 2. d4 d5 3. exd5 Qxd5 4. Nc3 Qd8 5. Nf3 Nf6 6. Bd3 c5 7. O-O Nc6 8.
dxc5 Bxc5 9. Ne4 Be7 10. Nxf6+ Bxf6 11. Qe2 O-O 12. c3 Qd5 13. Rd1 Qh5 14. Ng5
Qxe2 15. Bxe2 e5 16. Ne4 Be7 17. Nd6 Nd4 18. Nxc8 Nxe2+ 19. Kf1 Raxc8 20. Kxe2
Rfd8 21. Be3 b6 22. Rxd8+ Rxd8 23. Rd1 Rxd1 24. Kxd1 Kf8 25. f4 Bd6 26. fxe5
Bxe5 27. g3 Ke7 28. Ke2 Ke6 29. a4 Bb8 30. Bd4 g6 31. Ke3 Be5 32. a5 Bxd4+ 33.
Kxd4 bxa5 34. g4 f5 35. gxf5+ gxf5 36. b3 Kd6 37. h4 h5 38. c4 a6 39. Ke3 Ke5
40. Kf3 f4 41. c5 Kd5 42. c6 Kxc6 43. Kxf4 Kb5 44. Kg5 Kb4 45. Kxh5 Kxb3 0-1

[Event "Reykjavik Open 2015"]
[Site "Reykjavik ISL"]
[Date "2015.03.18"]
[Round "10.86"]
[White "Steingrimsson, Karl Egill"]
[Black "Stuhr, Peter Sebastian"]
[Result "0-1"]
[WhiteElo "1720"]
[BlackElo "1973"]
[WhiteFideId "2304791"]
[BlackFideId "1426729"]
[EventDate "2015.03.10"]

1. e4 d6 2. Nf3 Nd7 3. Be2 Ngf6 4. Nc3 e5 5. d3 Be7 6. b3 c6 7. Bb2 a5 8. a4 Qc7
9. O-O h6 10. h3 g5 11. Nh2 Nf8 12. d4 Ng6 13. dxe5 dxe5 14. Bg4 Nxg4 15. Nxg4
h5 16. Ne3 Nf4 17. Ne2 Rg8 18. Nc4 Ng6 19. Ng3 g4 20. hxg4 Bxg4 21. f3 h4 22.
Nf5 Bc5+ 23. Kh2 Rd8 24. Qe1 Bh5 25. Nh6 Rg7 26. Nf5 Rh7 27. Rd1 b6 28. Rxd8+
Kxd8 29. Qd1+ Kc8 30. Qd2 f6 31. Rd1 Nf8 32. Qc1 Ne6 33. Ncd6+ Kb8 34. c3 h3 35.
g4 Bg6 36. b4 axb4 37. cxb4 Bxb4 38. Qc4 Bxd6 39. Qxe6 Bxf5 40. Qxf5 Rf7 41. Qe6
Bb4 42. Kxh3 Kb7 43. Qc4 Qe7 44. Rc1 Rh7+ 45. Kg3 Bc5 46. Kg2 f5 47. Rh1 Rxh1
48. Kxh1 fxg4 49. Qe2 Qh4+ 0-1

[Event "Reykjavik Open 2015"]
[Site "Reykjavik ISL"]
[Date "2015.03.18"]
[Round "10.87"]
[White "Stam, Bart"]
[Black "Nicholson, John"]
[Result "1-0"]
[WhiteElo "1972"]
[BlackElo "1808"]
[WhiteFideId "1006240"]
[BlackFideId "2501724"]
[EventDate "2015.03.10"]

1. e4 e6 2. d4 d5 3. Nc3 Be7 4. e5 c5 5. Qg4 Kf8 6. dxc5 Nc6 7. Nf3 Bxc5 8. Bd3
f5 9. Qg3 Nge7 10. Bg5 h6 11. Bxe7+ Qxe7 12. O-O-O g5 13. Rhe1 f4 14. Qh3 Bxf2
15. Rf1 Be3+ 16. Kb1 Qg7 17. Nh4 Ke8 18. Ng6 Rg8 19. Qh5 Kd8 20. a3 Bd7 21. Qg4
Nxe5 22. Nxe5 Qxe5 23. Rfe1 Rc8 24. Ne2 Qf6 25. Ng3 Bd4 26. Nh5 Qe7 27. Nxf4 e5
28. Bf5 Rxc2 29. Rxd4 Qc5 30. Rxd5 1-0

[Event "Reykjavik Open 2015"]
[Site "Reykjavik ISL"]
[Date "2015.03.18"]
[Round "10.88"]
[White "Gaarder, Hans K."]
[Black "Masungwini, Michael T"]
[Result "0-1"]
[WhiteElo "1701"]
[BlackElo "1972"]
[WhiteFideId "1510479"]
[BlackFideId "14308231"]
[EventDate "2015.03.10"]

1. d4 Nf6 2. c4 g6 3. Nc3 Bg7 4. e4 O-O 5. Nf3 c5 6. d5 e5 7. Bd3 d6 8. Bg5 h6
9. Be3 Ng4 10. Bd2 f5 11. Qe2 Na6 12. h3 Nf6 13. Nh4 Nxe4 14. Nxg6 Nxc3 15. Bxc3
Re8 16. O-O Qg5 17. Nxe5 dxe5 18. f4 Qe7 19. fxe5 Bxe5 20. Rae1 Bd4+ 21. Bxd4
Qxe2 22. Bxe2 cxd4 23. a3 Nc5 24. b4 Ne4 25. Bf3 Bd7 26. Rd1 Ng3 27. Rf2 Re3 28.
Rfd2 Rae8 29. Rxd4 Rxf3 30. gxf3 Ne2+ 31. Kf2 Nxd4 32. Rxd4 Kf7 33. b5 Kf6 34.
a4 b6 35. Rh4 Rh8 36. Rd4 Ke5 37. Ke3 Kd6 38. Kd3 h5 39. h4 Rg8 40. Kc3 Rg3 41.
Rd3 f4 42. Kb4 Bg4 43. a5 Bxf3 44. axb6 axb6 45. Ra3 Bd1 46. Ra1 Rb3+ 0-1

[Event "Reykjavik Open 2015"]
[Site "Reykjavik ISL"]
[Date "2015.03.18"]
[Round "10.89"]
[White "Einarsson, Oskar Long"]
[Black "Gyldenas, Ole Jorn"]
[Result "1/2-1/2"]
[WhiteElo "1574"]
[BlackElo "1969"]
[WhiteFideId "2309220"]
[BlackFideId "1503847"]
[EventDate "2015.03.10"]

1. e4 e6 2. d4 d5 3. Nd2 dxe4 4. Nxe4 Bd7 5. Nf3 Bc6 6. Bd3 Nd7 7. O-O Ngf6 8.
Nxf6+ Nxf6 9. c3 Bxf3 10. Qxf3 c6 11. Re1 Qd5 12. Qg3 Bd6 13. Qg5 O-O-O 14. Bf1
Rhg8 15. g3 h6 16. Qxd5 Nxd5 17. a3 Bc7 18. c4 Nf6 19. Be3 Bb6 20. c5 Bc7 21. f3
Rd7 22. b4 a6 23. a4 Nd5 24. Bd2 Ne7 25. Bc3 Nf5 26. Re4 Rgd8 27. b5 Nxd4 28.
bxa6 bxa6 29. Bxa6+ Kb8 30. Kf2 Ka7 31. Bc4 f5 32. Rxd4 Rxd4 33. Bxd4 Rxd4 34.
Bxe6 f4 35. Ra2 Bd8 36. gxf4 Be7 37. a5 Bxc5 38. Kg2 Bb4 39. f5 Rd2+ 40. Kg3
Bd6+ 41. Kh3 Rxa2 42. Bxa2 Ka6 43. Kg2 Be5 44. h4 Kxa5 45. Kf2 Kb4 46. Ke2 Kc3
47. h5 c5 48. Kd1 c4 49. Bb1 Kd4 50. Ba2 c3 51. Kc2 Ke3 52. Bf7 Kxf3 53. Bg6 1/2-1/2

[Event "Reykjavik Open 2015"]
[Site "Reykjavik ISL"]
[Date "2015.03.18"]
[Round "10.90"]
[White "Jonsson, Gauti Pall"]
[Black "Hansen, Tommy"]
[Result "1-0"]
[WhiteElo "1968"]
[BlackElo "1807"]
[WhiteFideId "2309092"]
[BlackFideId "1511009"]
[EventDate "2015.03.10"]

1. e4 d5 2. exd5 Nf6 3. d4 Bg4 4. Be2 Bxe2 5. Qxe2 Qxd5 6. Nf3 e6 7. O-O Nc6 8.
Rd1 O-O-O 9. Nc3 Qf5 10. a3 Bd6 11. Nb5 Bf4 12. Bxf4 Qxf4 13. Qc4 a6 14. Nc3 Rd7
15. Rd3 e5 16. Ne2 Qe4 17. Re1 Re8 18. Nc3 Qf4 19. g3 Qg4 20. Rde3 Nxd4 21. Nxd4
Qxd4 22. Qxd4 Rxd4 23. Rxe5 Rxe5 24. Rxe5 Kd7 25. f4 g6 26. h3 Rd2 27. Re2 Rxe2
28. Nxe2 Ne4 29. Kg2 c5 30. b3 Ke6 31. Kf3 Kd5 32. c4+ Ke6 33. Kxe4 f5+ 34. Kf3
h5 35. g4 h4 36. g5 b5 37. Ke3 Kd6 38. Kd3 Kc6 39. Ng1 Kd6 40. Nf3 1-0

[Event "Reykjavik Open 2015"]
[Site "Reykjavik ISL"]
[Date "2015.03.18"]
[Round "10.91"]
[White "Hauksdottir, Hrund"]
[Black "Baldvinsson, Loftur"]
[Result "0-1"]
[WhiteElo "1692"]
[BlackElo "1945"]
[WhiteFideId "2302608"]
[BlackFideId "2301261"]
[EventDate "2015.03.10"]

1. e4 d6 2. d4 Nf6 3. Nc3 g6 4. Bc4 Bg7 5. Be3 c6 6. Bb3 b5 7. a3 O-O 8. f3 Nbd7
9. Qd2 e5 10. d5 c5 11. Nxb5 Ne8 12. Bg5 Qb6 13. Nc3 f5 14. h4 f4 15. h5 gxh5
16. Rxh5 c4 17. Bxc4 Qxg1+ 18. Bf1 Ndf6 19. Rh4 Ba6 20. Ne2 Qb6 21. b3 Rc8 22.
g3 Bxe2 23. Qxe2 Qd4 24. Rd1 Qc3+ 25. Rd2 fxg3 26. Bh3 Rc7 27. Be6+ Kh8 28. Qg2
Qa1+ 29. Ke2 Qxa3 30. Qxg3 Qb2 31. Qh3 Rxc2 32. Bf5 Rf7 33. Rxh7+ Kg8 34. Rh4
Kf8 35. Bg6 Rfc7 36. Qe6 Re7 37. Qf5 Rxd2+ 38. Bxd2 Qxb3 39. Bg5 Qb5+ 40. Kf2
Qd7 41. Qxd7 Rxd7 42. f4 exf4 43. Rxf4 Kg8 44. Bf5 Rb7 45. Be6+ Kf8 46. Ke3 Ke7
47. Kd4 Rb4+ 48. Kc3 Rb1 49. Kc4 Nc7 50. Bf5 Rc1+ 51. Kb3 Ra1 52. Rh4 Rg1 53.
Be3 0-1

[Event "Reykjavik Open 2015"]
[Site "Reykjavik ISL"]
[Date "2015.03.18"]
[Round "10.92"]
[White "Davidsson, Oskar Vikingur"]
[Black "Klausen, Kris"]
[Result "1-0"]
[WhiteElo "1454"]
[BlackElo "1937"]
[WhiteFideId "2310627"]
[BlackFideId "1445570"]
[EventDate "2015.03.10"]

1. e4 c5 2. c3 d6 3. d4 Nf6 4. Bd3 Nc6 5. Ne2 e5 6. d5 Ne7 7. Bg5 Ng6 8. Bb5+
Bd7 9. Bxd7+ Qxd7 10. Bxf6 gxf6 11. O-O O-O-O 12. Ng3 Nf4 13. Nf5 h5 14. g3 Nh3+
15. Kg2 Ng5 16. h4 Nxe4 17. Qf3 Qb5 18. b3 Ng5 19. hxg5 fxg5 20. Na3 Qd7 21. Ne3
Qe7 22. Qe4 Rd7 23. Rh1 Qd8 24. b4 f6 25. Rab1 Rg7 26. g4 h4 27. Nf5 Rd7 28. Nc4
b6 29. a4 Rhh7 30. Rb2 Rb7 31. a5 b5 32. a6 Rbc7 33. Na5 c4 34. Nc6 Qe8 35. Ra2
Qd7 36. Ra5 Rxc6 37. dxc6 Qc7 38. Rxb5 d5 39. Qxd5 h3+ 40. Rxh3 Rxh3 41. Kxh3 1-0

[Event "Reykjavik Open 2015"]
[Site "Reykjavik ISL"]
[Date "2015.03.18"]
[Round "10.94"]
[White "Stefansson, Vignir Vatnar"]
[Black "Sibiya, Ruddy T"]
[Result "0-1"]
[WhiteElo "1909"]
[BlackElo "1784"]
[WhiteFideId "2308649"]
[BlackFideId "14308711"]
[EventDate "2015.03.10"]

1. d4 d5 2. c4 e6 3. Nf3 c6 4. e3 f5 5. Be2 Nf6 6. O-O Bd6 7. Ne5 O-O 8. b3 Qe7
9. Bb2 Nbd7 10. Nd2 Ne4 11. f3 Nxd2 12. Qxd2 Nxe5 13. dxe5 Bc5 14. f4 Rd8 15.
Rfd1 Bd7 16. a3 a5 17. cxd5 cxd5 18. Bc3 Bc6 19. b4 axb4 20. axb4 Rxa1 21. Rxa1
Bb6 22. b5 Be8 23. Bd4 Bc5 24. Qa5 b6 25. Qa7 Rd7 26. Qa6 Rd8 27. Rc1 Rb8 28.
Qa4 h6 29. Qc2 Rc8 30. Qb1 Rb8 31. h3 Kh8 32. g4 Bxd4 33. exd4 Qa3 34. Kg2 Qe3
35. Qb2 Qxf4 36. Rf1 Qg5 37. Kh2 Bg6 38. Qc3 Ra8 39. Kg3 fxg4 40. hxg4 Qe7 41.
Ra1 Rf8 42. Ra6 Qg5 43. Rxb6 Qf4+ 44. Kh3 Qf2 45. Qa3 Be4 46. Qxf8+ Qxf8 0-1

[Event "Reykjavik Open 2015"]
[Site "Reykjavik ISL"]
[Date "2015.03.18"]
[Round "10.95"]
[White "Jonsson, Olafur Gisli"]
[Black "Roser, Ludwig"]
[Result "1-0"]
[WhiteElo "1899"]
[BlackElo "1802"]
[WhiteFideId "2302705"]
[BlackFideId "12928119"]
[EventDate "2015.03.10"]

1. e4 d6 2. d4 Nf6 3. Nc3 e5 4. Nf3 Nbd7 5. Bc4 Be7 6. O-O O-O 7. Re1 c6 8. a4
b6 9. Qe2 Bb7 10. dxe5 dxe5 11. Bg5 Qc7 12. Rad1 Bb4 13. Nh4 h6 14. Bd2 a6 15.
Ba2 Nc5 16. f3 Bxc3 17. bxc3 Nxa4 18. Nf5 b5 19. Kh1 Rad8 20. g4 Nh7 21. h4 Bc8
22. Rg1 Be6 23. Bb3 Nc5 24. g5 Nxb3 25. cxb3 Bxf5 26. exf5 Kh8 27. gxh6 gxh6 28.
Bxh6 Rg8 29. Rxd8 Qxd8 30. Qxe5+ f6 31. Rxg8+ Qxg8 32. Qe6 Qg3 33. Qe8+ Qg8 34.
Qxc6 Qd8 35. Qb7 Qd1+ 36. Kg2 Qe2+ 37. Kh3 Qf1+ 38. Kg3 Qg1+ 39. Kh3 Qh1+ 40.
Kg4 Qg2+ 41. Kh5 Qg8 42. Qxa6 Qe8+ 43. Kg4 Qg8+ 44. Kh3 Qe8 45. Qe6 Qa8 46. Kg4
b4 47. Qf7 1-0

[Event "Reykjavik Open 2015"]
[Site "Reykjavik ISL"]
[Date "2015.03.18"]
[Round "10.96"]
[White "Lurdalen, Svein Erik"]
[Black "Runarsson, Gunnar"]
[Result "1/2-1/2"]
[WhiteElo "1824"]
[BlackElo "2049"]
[WhiteFideId "1519476"]
[BlackFideId "2301768"]
[EventDate "2015.03.10"]

1. c4 e5 2. Nc3 Nf6 3. e4 Nc6 4. g3 Bc5 5. Bg2 d6 6. a3 a5 7. Nge2 Bg4 8. O-O
O-O 9. Kh1 Qd7 10. d3 h6 11. f3 Bh5 12. h3 Nd4 13. g4 Bg6 14. f4 Nxg4 15. Nxd4
exd4 16. Nd5 Ne3 17. Nxe3 dxe3 18. f5 Bh7 19. Qe2 c6 20. Bxe3 Bxe3 21. Qxe3 f6
22. Rg1 Kh8 23. Bf3 Rae8 24. Qd2 d5 25. cxd5 cxd5 26. Qxa5 dxe4 27. dxe4 Re5 28.
Qb4 Rfe8 29. Rad1 Qf7 30. Rg2 g6 31. fxg6 Bxg6 32. Qd2 Kh7 33. Rdg1 Rg5 34. Qf4
Qe6 35. Kh2 Qe5 36. Qxe5 Rexe5 37. Rc1 b5 38. Rc7+ Kh8 39. Re2 Rc5 40. Rb7 Be8
41. h4 Rg7 42. Rb8 Re5 43. Rd2 Kh7 44. Rb6 Bh5 45. Rxf6 Bxf3 46. Rxf3 Rxe4 47.
Kh3 b4 48. axb4 Rxb4 49. b3 Re4 50. Rdd3 Re1 51. Rf2 Rh1+ 52. Rh2 Rb1 53. Rhd2
Rh1+ 54. Rh2 1/2-1/2

[Event "Reykjavik Open 2015"]
[Site "Reykjavik ISL"]
[Date "2015.03.18"]
[Round "10.97"]
[White "Stuhr, Finn"]
[Black "Strand, Kjetil"]
[Result "1-0"]
[WhiteElo "1823"]
[BlackElo "2037"]
[WhiteFideId "1400789"]
[BlackFideId "1503111"]
[EventDate "2015.03.10"]

1. e4 e5 2. Nf3 Nc6 3. Bb5 a6 4. Ba4 Nf6 5. O-O Be7 6. Re1 b5 7. Bb3 d6 8. c3
O-O 9. d3 Na5 10. Bc2 c5 11. b3 Bg4 12. Bb2 Nc6 13. Nbd2 Re8 14. h3 Be6 15. a3
Rc8 16. Qe2 Bf8 17. b4 Nh5 18. Qe3 Nf4 19. Kh2 Qf6 20. Rad1 cxb4 21. c4 bxa3 22.
Bxa3 bxc4 23. Nxc4 Nd4 24. Nxd4 exd4 25. Qd2 Qh4 26. f3 Red8 27. Bc1 g5 28. Rh1
Bxh3 29. g3 Qh5 30. gxf4 Qxf3 31. Rdg1 Rc5 32. Bd1 Qxh1+ 33. Kxh1 Bg7 34. Rxg5
Rxg5 35. fxg5 d5 36. exd5 Rxd5 37. Ba3 Rf5 38. Kh2 Bf1 39. Qe1 h6 40. gxh6 Bxh6
41. Qe8+ Kh7 42. Qe4 Bf4+ 43. Kg1 Bh3 44. Bh5 Kh6 45. Bf3 Bg3 46. Bf8+ Kg5 47.
Bd6 Bxd6 48. Nxd6 Rf6 49. Kh2 Bd7 50. Qe5+ 1-0

[Event "Reykjavik Open 2015"]
[Site "Reykjavik ISL"]
[Date "2015.03.18"]
[Round "10.98"]
[White "Murray, Michael A."]
[Black "De Winter, Eric"]
[Result "1/2-1/2"]
[WhiteElo "2008"]
[BlackElo "1776"]
[WhiteFideId "2609126"]
[BlackFideId "1033069"]
[EventDate "2015.03.10"]

1. e4 g6 2. Nc3 c5 3. g3 Bg7 4. Bg2 Nc6 5. d3 e6 6. Be3 d6 7. Qd2 h6 8. Nf3 Nge7
9. d4 cxd4 10. Nxd4 a6 11. Rd1 Ne5 12. Qe2 Qc7 13. O-O Bd7 14. f4 Nc4 15. Bc1
Rc8 16. f5 Bxd4+ 17. Rxd4 Qc5 18. Qf2 exf5 19. Nd5 Nxd5 20. exd5 Ne5 21. c3 Kf8
22. Be3 Qa5 23. g4 Kg7 24. gxf5 Bxf5 25. Rf4 Nd3 26. Bd4+ f6 27. Bxf6+ Kh7 28.
Qd4 Nxf4 29. Qxf4 Qc5+ 30. Bd4 Qc7 31. Bxh8 Rxh8 32. Re1 Rg8 33. Qe3 Qg7 1/2-1/2

[Event "Reykjavik Open 2015"]
[Site "Reykjavik ISL"]
[Date "2015.03.18"]
[Round "10.99"]
[White "Sigurdsson, Birkir Karl"]
[Black "Sandberg, Martin"]
[Result "1/2-1/2"]
[WhiteElo "1767"]
[BlackElo "1889"]
[WhiteFideId "2304180"]
[BlackFideId "1707159"]
[EventDate "2015.03.10"]

1. d4 Nf6 2. c4 e6 3. Nc3 Bb4 4. e3 b6 5. Ne2 O-O 6. a3 Bxc3+ 7. Nxc3 d5 8. cxd5
exd5 9. Bd3 Ba6 10. b4 Bxd3 11. Qxd3 c5 12. dxc5 bxc5 13. bxc5 Qa5 14. O-O Qxc5
15. Rd1 Nc6 16. Bb2 Ne5 17. Qe2 Nc4 18. Rac1 Nxb2 19. Qxb2 Qa5 20. Qb4 Qxb4 21.
axb4 Rab8 22. Nxd5 Nxd5 23. Rxd5 Rxb4 24. Ra5 Rb7 25. Rca1 Rfb8 26. g3 Rb1+ 27.
Rxb1 Rxb1+ 28. Kg2 Rb7 29. Kf3 Kf8 30. e4 Ke7 1/2-1/2